000 00147 a2200073 4500
020 _a9780811841153
082 _a613.7046 MIL
245 _aESSENTIAL YOGA
999 _c791938
_d791937
942 _w223
_xZanele Mgwenya
_y223
_zZanele Mgwenya